Vikalpa The Journal for Decision Makers (Record no. 9665)
[ view plain ]
| 000 -LEADER | |
|---|---|
| fixed length control field | 00325nam a22001097a 4500 |
| 003 - CONTROL NUMBER IDENTIFIER | |
| control field | OSt |
| 245 ## - TITLE STATEMENT | |
| Title | Vikalpa The Journal for Decision Makers |
| 250 ## - EDITION STATEMENT | |
| Edition statement | 2011(Jan-Mar Vol.36. No.1, Oct-Dec Vol.36 No.4) 2010(Jan-Mar Vol.35 No.1) |
| 260 ## - PUBLICATION, DISTRIBUTION, ETC. (IMPRINT) | |
| Place of publication, distribution, etc | Ahmedabad |
| Name of publisher, distributor, etc | Indian Institute of Management |
| 650 ## - SUBJECT ADDED ENTRY--TOPICAL TERM | |
| Topical term or geographic name as entry element | Management |
| 942 ## - ADDED ENTRY ELEMENTS (KOHA) | |
| Source of classification or shelving scheme | Dewey Decimal Classification |
| Koha item type | BOUND VOLUME |
| Withdrawn status | Lost status | Source of classification or shelving scheme | Materials specified (bound volume or other part) | Damaged status | Not for loan | Collection code | Home library | Current library | Date acquired | Source of acquisition | Serial Enumeration / chronologySerial Enumeration / Volume No. | Total Checkouts | Acc. no. / Barcode | Date last seen | Bill Date | Koha item type |
|---|---|---|---|---|---|---|---|---|---|---|---|---|---|---|---|---|
| Dewey Decimal Classification | Bound Volume | Not For Loan | BBA | PIET C-LIBRARY | PIET C-LIBRARY | 10/12/2020 | Indian Institute of Management | 2011(Jan-Mar Vol.36. No.1, Oct-Dec Vol.36 No.4) 2010(Jan-Mar Vol.35 No.1) | BV392 | 10/12/2020 | 05/01/2011 | BOUND VOLUME |